000 00463nam a2200205Ia 4500
005 20250425161433.0
008 250425s9999 xx 000 0 und d
020 _a083595255X
041 _aeng
082 _a621.36
100 _aSEIPPEL, ROBERT G.
245 0 _aOPTOELECTRONICS
250 _a1ST ED.
260 _aEstados Unidos
_bRESTON PUBLISHING
_c1981
260 _aRESTON
300 _a354
650 _aOPTICA
942 _c01
010 _a20293
999 _c209230
_d209230